Desarrollo de un sistema piloto de administración de pavimentos para el sector central del Cantón de Santa Ana
Tallennettuna:
| Päätekijä: | |
|---|---|
| Aineistotyyppi: | Kirja |
| Julkaistu: |
San José, C.R.
2001
|
| Aiheet: | |
| Tagit: |
Lisää tagi
Ei tageja, Lisää ensimmäinen tagi!
|
MARC
| LEADER | 00000nam a2200000Ia 4500 | ||
|---|---|---|---|
| 003 | 008826 | ||
| 005 | 20221231144159.0 | ||
| 008 | 140114s2001 cr a m 000 ||s d | ||
| 040 | |c cru CEDI | ||
| 090 | |a TFG 4385 | ||
| 100 | |a Saborío Herrera, Carlos Esteban |9 7627 | ||
| 245 | |a Desarrollo de un sistema piloto de administración de pavimentos para el sector central del Cantón de Santa Ana | ||
| 260 | |c 2001 |a San José, C.R. | ||
| 300 | |a xii, 221 hojas : ilustraciones, mapas | ||
| 500 | |a Tesis (licenciatura en ingeniería civil)--Universidad de Costa Rica. Facultad de Ingeniería. Escuela de Ingeniería Civil, | ||
| 650 | |x PAVIMENTOS DE ASFALTO |x TRANSPORTE - MANTENIMIENTO Y REPARACION |9 7628 | ||
| 942 | |c TFG | ||
| 999 | |c 18054 |d 18054 | ||
